|
|
|
|
| LEADER |
01236nam a22002417i 4500 |
| 001 |
10077888 |
| 003 |
GR-PaULI |
| 005 |
20241017063335.0 |
| 008 |
170531s1997 gr f gre d |
| 020 |
|
|
|a 9600319146
|
| 040 |
|
|
|a GR-PaULI
|b gre
|c GR-PaULI
|e AACR2
|
| 082 |
0 |
4 |
|a 889.32
|2 23
|
| 100 |
1 |
|
|9 2923
|a Παπαγιώργης, Κωστής,
|d 1947-2014
|e συγγραφέας
|
| 245 |
1 |
0 |
|a Αλέξανδρος Αδαμαντίου Εμμανουήλ /
|c Κωστή Παπαγιώργη.
|
| 260 |
|
|
|a Αθήνα :
|b Καστανιώτης,
|c 1997.
|
| 300 |
|
|
|a 216 σ. ;
|c 23 εκ.
|
| 504 |
|
|
|a Περιέχει βιβλιογραφικές παραπομπές.
|
| 600 |
1 |
0 |
|a Παπαδιαμάντης, Αλέξανδρος,
|d 1851-1911
|x Ερμηνεία και κριτική
|9 31514
|
| 942 |
|
|
|2 ddc
|c BK15
|
| 952 |
|
|
|0 0
|1 0
|2 ddc
|4 0
|6 889_320000000000000_ΠΑΠ_ΠΑΠ
|7 0
|9 212782
|a THST
|b THST
|d 2017-05-31
|i 006362
|l 0
|o 889.32 ΠΑΠ ΠΑΠ
|p 025000012363
|r 2017-05-31 00:00:00
|t 1
|w 2017-05-31
|y BK15
|
| 952 |
|
|
|0 0
|1 0
|2 ddc
|4 0
|6 889_320000000000000_ΠΑΠ
|7 0
|9 385010
|a LISP
|b LISP
|c BSC
|d 2024-11-15
|e ΚΟΤ
|i 369087
|l 0
|o 889.32 ΠΑΠ
|p 025000308972
|r 2024-11-15 13:59:05
|t 2
|w 2024-11-15
|y BK15
|z 1998
|
| 998 |
|
|
|c ΜΑΝΙΑ
|d 2017-05
|
| 999 |
|
|
|c 129417
|d 129417
|